[Event "1.FrauenBL 2016-17"]
[Site "Berlin"]
[Date "2017.04.29"]
[Round "9.4"]
[White "Scognamiglio, Stefanie"]
[Black "Marx, Inga"]
[Result "1-0"]
[WhiteElo "2086"]
[BlackElo "1801"]
[Annotator "NA"]
[PlyCount "79"]
[EventDate "2017.??.??"]
[EventType "team-tourn"]
[EventCountry "GER"]
[SourceTitle "playchess.com"]
[Source "ChessBase"]
[SourceQuality "1"]
[WhiteTeam "Hamburger SK"]
[BlackTeam "TuRa Harksheide"]
[TimeControl "40/6000+30:3000+30"]

1. e4 {[%emt 1:30:27]} c6 {[%emt 1:30:24]} 2. d4 {[%emt 1:30:15]} g6 {[%emt 1:30:15]} 3. g3 {[%emt 1:28:45]} Bg7 {[%emt 1:30:35]} 4. Bg2 {[%emt 1:29:04]} d5 {[%emt 1:30:05]} 5. exd5 {[%emt 1:26:36]} cxd5 {[%emt 1:30:24]} 6. Ne2 {[%emt 1:25:51]} Nf6 {[%emt 1:29:10]} 7. O-O {[%emt 1:25:56]} O-O {[%emt 1:28:52]} 8. h3 {[%emt 1:28:52]} Nc6 {[%emt 1:25:40]} 9. c3 {[%emt 1:23:44]} b5 {[%emt 1:21:05]} 10. Be3 {[%emt 1:19:01]} a5 {[%emt 1:15:53]} 11. a3 {[%emt 1:16:32]} Ba6 {[%emt 1:07:12]} 12. b4 {[%emt 1:14:56]} a4 {[%emt 1:00:12]} 13. Nf4 {[%emt 1:12:35]} e6 {[%emt 0:58:06]} 14. Nd3 {[%emt 1:11:32]} Nd7 {[%emt 0:57:08]} 15. Nd2 {[%emt 1:06:59]} Ne7 {[%emt 0:54:52]} 16. Rc1 {[%emt 1:03:48]} Nf5 {[%emt 1:03:48]} 17. Bf4 {[%emt 1:02:37]} Nb6 {[%emt 0:52:04]} 18. Nc5 {[%emt 1:00:17]} Nd6 {[%emt 0:50:04]} 19. Re1 {[%emt 0:53:32]} Ndc4 {[%emt 0:47:34]} 20. Ra1 {[%emt 0:47:34]} Ra7 {[%emt 0:42:58]} 21. Nxc4 {[%emt 0:41:48]} Nxc4 {[%emt 0:41:48]} 22. Qc1 {[%emt 0:43:02]} Qc8 {[%emt 0:40:13]} 23. Bh6 {[%emt 0:38:20]} Re8 {[%emt 0:37:17]} 24. Bxg7 {[%emt 0:37:10]} Kxg7 {[%emt 0:37:41]} 25. Bf1 {[%emt 0:33:48]} Rae7 {[%emt 0:35:02]} 26. Bxc4 {[%emt 0:29:28]} dxc4 {[%emt 0:29:28]} 27. Nxa6 {[%emt 0:29:35]} Qxa6 {[%emt 0:29:35]} 28. Re5 {[%emt 0:35:29]} Rd8 {[%emt 0:32:29]} 29. Qe3 {[%emt 0:27:56]} Qb7 {[%emt 0:30:51]} 30. Re1 {[%emt 0:27:21]} Red7 {[%emt 0:25:57]} 31. Rc5 {[%emt 0:19:53]} Rd5 {[%emt 0:23:57]} 32. Qf3 {[%emt 0:23:57]} Qb8 {[%emt 0:22:53]} 33. Re5 {[%emt 0:15:09]} Rxe5 {[%emt 0:19:16]} 34. Rxe5 {[%emt 0:13:07]} Rd6 {[%emt 0:18:13]} 35. Rc5 {[%emt 0:18:13]} f6 {[%emt 0:13:22]} 36. Qf4 {[%emt 0:09:11]} Qb6 {[%emt 0:09:27]} 37. Rxb5 {[%emt 0:07:42]} Qxb5 {[%emt 0:07:54]} 38. Qxd6 {[%emt 0:08:04]} Qg5 {[%emt 0:07:24]} 39. Qc7+ {[%emt 0:06:54]} Kh6 {[%emt 0:07:22]} 40. Qf4 {[%emt 0:07:04]} 1-0

[Event "1.FrauenBL 2016-17"]
[Site "Berlin"]
[Date "2017.04.29"]
[Round "9.4"]
[White "Boehm, Jana"]
[Black "Anisheva, Varvara"]
[Result "0-1"]
[WhiteElo "1963"]
[BlackElo "2130"]
[Annotator "NA"]
[PlyCount "72"]
[EventDate "2017.??.??"]
[EventType "team-tourn"]
[EventCountry "GER"]
[SourceTitle "playchess.com"]
[Source "ChessBase"]
[SourceQuality "1"]
[WhiteTeam "SK Lehrte"]
[BlackTeam "SV Medizin Erfurt"]
[TimeControl "40/6000+30:3000+30"]

1. e4 {[%emt 1:30:27]} c5 {[%emt 1:30:17]} 2. Nf3 {[%emt 1:30:53]} Nc6 {[%emt 1:30:34]} 3. d4 {[%emt 1:31:18]} cxd4 {[%emt 1:30:54]} 4. Nxd4 {[%emt 1:31:44]} Qc7 {[%emt 1:31:44]} 5. Nc3 {[%emt 1:28:00]} e6 {[%emt 1:30:48]} 6. Be2 {[%emt 1:26:35]} a6 {[%emt 1:30:52]} 7. O-O {[%emt 1:30:52]} Nf6 {[%emt 1:30:27]} 8. Be3 {[%emt 1:22:33]} Bb4 {[%emt 1:22:33]} 9. f3 {[%emt 1:19:54]} O-O {[%emt 1:15:22]} 10. Nxc6 {[%emt 1:13:10]} bxc6 {[%emt 1:03:42]} 11. Na4 {[%emt 1:07:09]} Bd6 {[%emt 1:07:09]} 12. g3 {[%emt 0:57:59]} Bxg3 {[%emt 0:56:56]} 13. hxg3 {[%emt 0:57:26]} Qxg3+ {[%emt 0:53:43]} 14. Kh1 {[%emt 0:45:27]} Nxe4 {[%emt 0:46:51]} 15. Bg1 {[%emt 0:36:22]} Qh4+ {[%emt 0:41:49]} 16. Kg2 {[%emt 0:36:29]} Qg5+ {[%emt 0:36:29]} 17. Kh2 {[%emt 0:40:58]} Ng3 {[%emt 0:37:09]} 18. Nc5 {[%emt 0:33:23]} Nxf1+ {[%emt 0:31:17]} 19. Bxf1 {[%emt 0:31:17]} d5 {[%emt 0:33:13]} 20. Qe1 {[%emt 0:30:12]} f5 {[%emt 0:24:20]} 21. Nd3 {[%emt 0:27:07]} Qh5+ {[%emt 0:18:57]} 22. Kg2 {[%emt 0:26:37]} f4 {[%emt 0:17:12]} 23. Bh2 {[%emt 0:23:58]} e5 {[%emt 0:15:21]} 24. Qxe5 {[%emt 0:19:51]} Bh3+ {[%emt 0:11:42]} 25. Kf2 {[%emt 0:18:38]} Qh4+ {[%emt 0:11:44]} 26. Kg1 {[%emt 0:11:44]} Rae8 {[%emt 0:18:50]} 27. Qd4 {[%emt 0:11:01]} Bxf1 {[%emt 0:09:40]} 28. Rxf1 {[%emt 0:18:16]} Re2 {[%emt 0:08:06]} 29. Rf2 {[%emt 0:18:19]} Rxf2 {[%emt 0:08:15]} 30. Nxf2 {[%emt 0:17:27]} Rf6 {[%emt 0:07:11]} 31. Qe5 {[%emt 0:13:29]} h6 {[%emt 0:05:52]} 32. Ng4 {[%emt 0:10:38]} Rg6 {[%emt 0:05:17]} 33. Kf1 {[%emt 0:09:29]} h5 {[%emt 0:02:35]} 34. Qe8+ {[%emt 0:07:46]} Kh7 {[%emt 0:02:57]} 35. Ne5 {[%emt 0:07:35]} Qh3+ {[%emt 0:03:16]} 36. Ke1 {[%emt 0:07:50]} Re6 {[%emt 0:03:35]} 0-1

[Event "1.FrauenBL 2016-17"]
[Site "Berlin"]
[Date "2017.04.29"]
[Round "9.5"]
[White "Cmilyte, Viktorija"]
[Black "Heinatz, Gundula"]
[Result "1-0"]
[WhiteElo "2538"]
[BlackElo "2173"]
[Annotator "TA"]
[PlyCount "83"]
[EventDate "2017.??.??"]
[EventType "team-tourn"]
[EventCountry "GER"]
[SourceTitle "playchess.com"]
[Source "ChessBase"]
[SourceQuality "1"]
[WhiteTeam "OSG Baden-Baden"]
[BlackTeam "Karlsruher SF"]

{[%evp 19,83,68,68,57,72,54,91,58,107,92,80,72,116,122,115,59,179,190,188,179,163,170,216,229,235,181,273,270,260,260,296,129,153,152,160,160,148,149,152,152,153,168,287,104,627,647,629,668,618,660,645,617,759,754,714,698,803,800,1379,1377,1291,1245,1413,1404,1206,1205]} 1. d4 Nf6 2. c4 g6 3. Nf3 Bg7 4. g3 O-O 5. Bg2 d6 6. O-O c6 7. Nc3 Bf5 8. Ne1 Na6 9. e4 {E62: King's Indian: Fianchetto: 6...c6 and Panno Variation (6...Nc6) without ...a6} Bg4 10. f3 Be6 {LiveBook: 3 Games} 11. b3 $146 {White is slightly better.} (11. Qe2 Qa5 12. Bd2 Rfc8 13. Kh1 Qb6 14. Be3 Qb4 15. d5 Bd7 16. Rc1 cxd5 17. cxd5 {½-½ (58) Jirka,J (2453)-Rasik,V (2465) Czechia 2014}) 11... Nc7 12. Nc2 Qc8 13. Qe2 a6 14. f4 Bh3 15. e5 Nfe8 16. Bxh3 Qxh3 17. f5 ({White should try} 17. Ba3 $16) 17... c5 (17... gxf5 $14 18. Rf4 Qh6) 18. Ne4 $1 $18 cxd4 19. f6 ({Not} 19. Nxd4 Bxe5 20. Bb2 Nf6 $11) 19... exf6 20. exf6 Bh8 {Black wants to play ...d5.} 21. Nxd4 Ne6 22. Be3 Rd8 (22... Nxd4 {might work better.} 23. Bxd4 Nc7 24. Nxd6 Rad8) 23. Nf2 Nxd4 24. Bxd4 (24. Nxh3 $2 {is the wrong capture.} Nxe2+ 25. Kf2 Nc3 $19) 24... Qd7 {[#]} 25. Qf3 (25. Ng4 $1 $18 {[%cal Rg4h6] and the rest is easy.} h5 26. Ne3) 25... d5 26. Rad1 Qc6 {[%cal Rh8f6]} 27. cxd5 ({Resist} 27. Ng4 $6 h5 28. Ne3 dxc4 $16) 27... Rxd5 {[%cal Rh8f6]} 28. Rc1 $40 {[%mdl 128] White attacks with force.} Qd7 29. Bb2 h5 30. Rfd1 Nc7 {[#]} (30... Rxd1+ {was worth a try.} 31. Rxd1 Qc8) 31. Kg2 $2 (31. Be5 $1 $18 {[%mdl 512]}) 31... Rd8 $2 {[%mdl 8192] [#]} (31... Rxd1 $16 32. Rxd1 Qc8) 32. Rxc7 $1 {[%mdl 512] White is clearly winning.} Rxd1 (32... Qxc7 33. Rxd5) 33. Rxd7 R1xd7 34. Bc3 Rd5 35. Ne4 Rf5 36. Qe3 Re8 37. Qd3 b5 38. b4 {[%cal Bb3b4,Bb4a5][%mdl 32]} a5 39. bxa5 b4 40. Bxb4 Bxf6 41. Nd6 Rd8 42. Qc4 1-0

[Event "1.FrauenBL 2016-17"]
[Site "Berlin"]
[Date "2017.04.29"]
[Round "9.5"]
[White "Korenova, Martina"]
[Black "Yurenok, Maria S"]
[Result "1/2-1/2"]
[WhiteElo "2154"]
[BlackElo "2005"]
[Annotator "NA"]
[PlyCount "62"]
[EventDate "2017.??.??"]
[EventType "team-tourn"]
[EventCountry "GER"]
[SourceTitle "playchess.com"]
[Source "ChessBase"]
[SourceQuality "1"]
[WhiteTeam "Rodewischer SM"]
[BlackTeam "SC Bad Königshofen"]
[TimeControl "40/6000+30:3000+30"]

1. d4 {[%emt 1:30:30]} Nf6 {[%emt 1:30:17]} 2. c4 {[%emt 1:30:32]} g6 {[%emt 1:30:29]} 3. Nc3 {[%emt 1:30:56]} Bg7 {[%emt 1:30:44]} 4. e4 {[%emt 1:31:15]} d6 {[%emt 1:31:00]} 5. f4 {[%emt 1:31:29]} O-O {[%emt 1:31:00]} 6. Nf3 {[%emt 1:31:54]} c5 {[%emt 1:30:52]} 7. d5 {[%emt 1:32:19]} b5 {[%emt 1:30:49]} 8. cxb5 {[%emt 1:30:24]} a6 {[%emt 1:31:05]} 9. bxa6 {[%emt 1:28:55]} Qa5 {[%emt 1:27:55]} 10. Bd2 {[%emt 1:21:15]} Bxa6 {[%emt 1:26:26]} 11. Bxa6 {[%emt 1:18:18]} Qxa6 {[%emt 1:26:50]} 12. Qe2 {[%emt 1:17:56]} Qxe2+ {[%emt 1:22:05]} 13. Kxe2 {[%emt 1:18:11]} Nfd7 {[%emt 1:22:31]} 14. Rhe1 {[%emt 1:14:08]} Na6 {[%emt 1:21:54]} 15. Rac1 {[%emt 1:09:59]} Rfb8 {[%emt 1:19:53]} 16. b3 {[%emt 1:09:13]} Nb4 {[%emt 1:16:34]} 17. a4 {[%emt 0:59:13]} f5 {[%emt 1:06:25]} 18. e5 {[%emt 0:48:47]} dxe5 {[%emt 0:59:43]} 19. fxe5 {[%emt 0:59:43]} Nxe5 {[%emt 0:59:51]} 20. Nxe5 {[%emt 0:47:50]} Bxe5 {[%emt 1:00:13]} 21. Nb5 {[%emt 0:47:56]} Rc8 {[%emt 0:39:59]} 22. Bxb4 {[%emt 0:35:41]} cxb4 {[%emt 0:40:19]} 23. Rxc8+ {[%emt 0:40:19]} Rxc8 {[%emt 0:35:43]} 24. Kd3 {[%emt 0:40:43]} Bf6 {[%emt 0:34:48]} 25. Re6 {[%emt 0:26:07]} Rc5 {[%emt 0:22:04]} 26. d6 {[%emt 0:26:12]} Kf7 {[%emt 0:21:51]} 27. dxe7 {[%emt 0:26:09]} Bxe7 {[%emt 0:26:09]} 28. Rb6 {[%emt 0:21:35]} Rd5+ {[%emt 0:17:28]} 29. Ke2 {[%emt 0:25:56]} Re5+ {[%emt 0:25:56]} 30. Kd3 {[%emt 0:19:00]} Rd5+ {[%emt 0:15:29]} 31. Ke2 {[%emt 0:16:28]} Re5+ {[%emt 0:15:54] Nd6 0:15:54 Ke8 0:15:54 Ke1 0:15:54 --- 0:15:54 Rc6 0:15:54} 1/2-1/2

[Event "1.FrauenBL 2016-17"]
[Site "Berlin"]
[Date "2017.04.29"]
[Round "9.5"]
[White "Umpfenbach, Carolin"]
[Black "Zschischang, Marine"]
[Result "1-0"]
[WhiteElo "2131"]
[BlackElo "2037"]
[Annotator "NA"]
[PlyCount "121"]
[EventDate "2017.??.??"]
[EventType "team-tourn"]
[EventCountry "GER"]
[SourceTitle "playchess.com"]
[Source "ChessBase"]
[SourceQuality "1"]
[WhiteTeam "SV Medizin Erfurt"]
[BlackTeam "SK Lehrte"]
[TimeControl "40/6000+30:3000+30"]

1. d4 {[%emt 1:30:22]} Nf6 {[%emt 1:30:22]} 2. c4 {[%emt 1:30:36]} d6 {[%emt 1:30:02]} 3. Nc3 {[%emt 1:29:42]} Nbd7 {[%emt 1:30:11]} 4. e4 {[%emt 1:27:04]} e5 {[%emt 1:30:12]} 5. d5 {[%emt 1:17:21]} Nc5 {[%emt 1:28:21]} 6. Qc2 {[%emt 1:12:44]} a5 {[%emt 1:27:57]} 7. g3 {[%emt 1:07:04]} g6 {[%emt 1:20:46]} 8. Bg2 {[%emt 1:05:57]} Bg7 {[%emt 1:20:33]} 9. Nge2 {[%emt 1:01:50]} Bd7 {[%emt 1:01:50]} 10. Bd2 {[%emt 0:58:05]} Qc8 {[%emt 1:12:50]} 11. h3 {[%emt 0:47:17]} h5 {[%emt 1:06:15]} 12. h4 {[%emt 0:30:01]} a4 {[%emt 0:30:01]} 13. O-O {[%emt 0:27:13]} O-O {[%emt 0:27:13]} 14. b4 {[%emt 0:22:49]} axb3 {[%emt 0:38:42]} 15. axb3 {[%emt 0:23:13]} Rxa1 {[%emt 0:34:42]} 16. Rxa1 {[%emt 0:23:38]} Na6 {[%emt 0:29:40]} 17. Nd1 {[%emt 0:10:39]} Ne8 {[%emt 0:24:44]} 18. b4 {[%emt 0:09:37]} f5 {[%emt 0:22:40]} 19. Ra3 {[%emt 0:08:21]} c6 {[%emt 0:18:43]} 20. Qa2 {[%emt 0:06:51]} cxd5 {[%emt 0:17:23]} 21. exd5 {[%emt 0:06:41]} Qd8 {[%emt 0:13:59]} 22. Qc2 {[%emt 0:05:42]} Qe7 {[%emt 0:05:42]} 23. Ra5 {[%emt 0:04:47]} Kh7 {[%emt 0:04:05]} 24. c5 {[%emt 0:04:05]} f4 {[%emt 0:04:26]} 25. Be4 {[%emt 0:04:50]} Bf5 {[%emt 0:04:05]} 26. c6 {[%emt 0:04:43]} bxc6 {[%emt 0:01:42]} 27. Rxa6 {[%emt 0:01:42]} cxd5 {[%emt 0:04:14]} 28. Bxf5 {[%emt 0:04:27]} gxf5 {[%emt 0:01:49]} 29. Ra3 {[%emt 0:03:39]} d4 {[%emt 0:01:49]} 30. b5 {[%emt 0:03:25]} f3 {[%emt 0:00:48]} 31. Rxf3 {[%emt 0:00:48]} e4 {[%emt 0:03:02]} 32. Rb3 {[%emt 0:01:56]} d3 {[%emt 0:01:41]} 33. Qc4 {[%emt 0:02:04]} d5 {[%emt 0:00:36]} 34. Qxd5 {[%emt 0:01:56]} dxe2 {[%emt 0:00:58]} 35. Nc3 {[%emt 0:01:36]} e3 {[%emt 0:00:28]} 36. Be1 {[%emt 0:01:17]} exf2+ {[%emt 0:00:54]} 37. Kxf2 {[%emt 0:01:30]} f4 {[%emt 0:00:46]} 38. Qxh5+ {[%emt 0:01:23]} Bh6 {[%emt 0:00:47]} 39. Qxe2 {[%emt 0:01:03]} Qc5+ {[%emt 0:00:42]} 40. Kf1 {[%emt 0:00:14]} fxg3+ {[%emt 0:00:54]} 41. Kg2 {[%emt 0:00:41]} Nd6 {[%emt 0:00:41]} 42. Bxg3 {[%emt 0:27:56]} Nf5 {[%emt 0:03:38]} 43. Qe4 {[%emt 0:07:49]} Bg7 {[%emt 0:02:30]} 44. Nd5 {[%emt 0:06:06]} Kh8 {[%emt 0:02:00]} 45. Rf3 {[%emt 0:04:45]} Nxg3 {[%emt 0:01:50]} 46. Rxf8+ {[%emt 0:03:33]} Qxf8 {[%emt 0:01:50]} 47. Kxg3 {[%emt 0:03:40]} Qb8+ {[%emt 0:02:15]} 48. Kg4 {[%emt 0:02:15]} Qxb5 {[%emt 0:02:39]} 49. Nf4 {[%emt 0:02:41]} Qd7+ {[%emt 0:02:31]} 50. Ne6 {[%emt 0:02:15]} Qd1+ {[%emt 0:02:15]} 51. Kg3 {[%emt 0:02:14]} Qg1+ {[%emt 0:01:56]} 52. Kh3 {[%emt 0:01:56]} Qf1+ {[%emt 0:02:18]} 53. Kg4 {[%emt 0:02:22]} Qg1+ {[%emt 0:02:16]} 54. Kh5 {[%emt 0:02:19]} Qd1+ {[%emt 0:02:19]} 55. Kg6 {[%emt 0:02:23]} Qg1+ {[%emt 0:02:11]} 56. Ng5 {[%emt 0:02:21]} Qc5 {[%emt 0:00:06]} 57. Kh5 {[%emt 0:01:38]} Kg8 {[%emt 0:00:27]} 58. Qe6+ {[%emt 0:01:55]} Kh8 {[%emt 0:01:55]} 59. Qg6 {[%emt 0:00:41]} Kg8 {[%emt 0:01:03]} 60. Qe8+ {[%emt 0:01:41]} Bf8 {[%emt 0:01:08]} 61. Qf7+ {[%emt 0:02:02] --- 0:02:02 Qe8 0:02:02 Qg1 0:02:02} 1-0

[Event "1.FrauenBL 2016-17"]
[Site "Berlin"]
[Date "2017.04.29"]
[Round "9.6"]
[White "Schneider, Jana"]
[Black "Steinbacher, Claudia"]
[Result "1/2-1/2"]
[WhiteElo "2224"]
[BlackElo "2043"]
[Annotator "NA"]
[PlyCount "107"]
[EventDate "2017.??.??"]
[EventType "team-tourn"]
[EventCountry "GER"]
[SourceTitle "playchess.com"]
[Source "ChessBase"]
[SourceQuality "1"]
[WhiteTeam "SC Bad Königshofen"]
[BlackTeam "Rodewischer SM"]
[TimeControl "40/6000+30:3000+30"]

1. e4 {[%emt 1:30:26]} c5 {[%emt 1:30:26]} 2. Nf3 {[%emt 1:30:48]} e6 {[%emt 1:30:10]} 3. g3 {[%emt 1:30:55]} Nc6 {[%emt 1:29:35]} 4. Bg2 {[%emt 1:29:35]} d6 {[%emt 1:28:50]} 5. O-O {[%emt 1:31:23]} g6 {[%emt 1:28:26]} 6. c3 {[%emt 1:31:01]} Nf6 {[%emt 1:26:18]} 7. Re1 {[%emt 1:30:04]} Bg7 {[%emt 1:24:51]} 8. d4 {[%emt 1:29:22]} O-O {[%emt 1:18:36]} 9. Bf4 {[%emt 1:21:02]} Nh5 {[%emt 1:11:06]} 10. Be3 {[%emt 1:20:08]} cxd4 {[%emt 1:10:32]} 11. Nxd4 {[%emt 1:10:32]} Nxd4 {[%emt 1:07:03]} 12. Bxd4 {[%emt 1:13:05]} e5 {[%emt 1:04:40]} 13. Be3 {[%emt 1:12:56]} Be6 {[%emt 1:04:33]} 14. Qd3 {[%emt 1:04:33]} Qd7 {[%emt 1:00:29]} 15. Na3 {[%emt 0:57:34]} Rfd8 {[%emt 0:55:04]} 16. Red1 {[%emt 0:55:22]} Bf8 {[%emt 0:49:19]} 17. c4 {[%emt 0:50:44]} Qa4 {[%emt 0:38:39]} 18. Rac1 {[%emt 0:48:59]} Rac8 {[%emt 0:48:59]} 19. Qc2 {[%emt 0:46:27]} Qxc2 {[%emt 0:36:15]} 20. Rxc2 {[%emt 0:46:48]} a6 {[%emt 0:36:34]} 21. Bb6 {[%emt 0:36:34]} Re8 {[%emt 0:42:38]} 22. Ba5 {[%emt 0:38:19]} Rc6 {[%emt 0:32:40]} 23. b3 {[%emt 0:33:59]} Nf6 {[%emt 0:33:59]} 24. Rcd2 {[%emt 0:32:32]} Nd7 {[%emt 0:32:32]} 25. Nc2 {[%emt 0:23:04]} b6 {[%emt 0:19:40]} 26. Bb4 {[%emt 0:29:16]} Nc5 {[%emt 0:20:05]} 27. Ba3 {[%emt 0:20:05]} Rcc8 {[%emt 0:16:15]} 28. Nb4 {[%emt 0:24:55]} a5 {[%emt 0:13:47]} 29. Nd5 {[%emt 0:22:13]} Bxd5 {[%emt 0:14:08]} 30. Rxd5 {[%emt 0:14:08]} Rc7 {[%emt 0:21:52]} 31. f3 {[%emt 0:17:36]} Kg7 {[%emt 0:07:11]} 32. Kf2 {[%emt 0:17:19]} Rb8 {[%emt 0:06:08]} 33. Bf1 {[%emt 0:16:24]} Kf6 {[%emt 0:05:08]} 34. h4 {[%emt 0:15:09]} h5 {[%emt 0:05:30]} 35. Bd3 {[%emt 0:13:03]} Ke6 {[%emt 0:04:56]} 36. Ke3 {[%emt 0:04:56]} f5 {[%emt 0:04:03]} 37. f4 {[%emt 0:04:03]} a4 {[%emt 0:01:50]} 38. Bxc5 {[%emt 0:01:17]} bxc5 {[%emt 0:02:19]} 39. bxa4 {[%emt 0:00:51]} Rb4 {[%emt 0:00:51]} 40. exf5+ {[%emt 0:00:20]} gxf5 {[%emt 0:03:08]} 41. fxe5 {[%emt 0:22:47]} dxe5 {[%emt 0:33:17]} 42. Bxf5+ {[%emt 0:21:39]} Kxf5 {[%emt 0:29:29]} 43. Rf1+ {[%emt 0:21:59]} Ke6 {[%emt 0:29:58]} 44. Rxf8 {[%emt 0:21:49]} Rxc4 {[%emt 0:30:24]} 45. Rd2 {[%emt 0:18:03]} Rxa4 {[%emt 0:25:18]} 46. Re8+ {[%emt 0:17:21]} Kf5 {[%emt 0:17:21]} 47. Rf2+ {[%emt 0:16:44]} Kg4 {[%emt 0:24:20]} 48. Rxe5 {[%emt 0:12:35]} Kxg3 {[%emt 0:23:39]} 49. Rff5 {[%emt 0:23:39]} c4 {[%emt 0:17:48]} 50. Rxh5 {[%emt 0:08:30]} Rxa2 {[%emt 0:08:30]} 51. Rhg5+ {[%emt 0:07:57]} Kh3 {[%emt 0:07:57]} 52. Rc5 {[%emt 0:04:06]} Rxc5 {[%emt 0:04:06]} 53. Rh5 {[%emt 0:12:41]} Ra8 {[%emt 0:12:41] c7 0:12:41} 54. Z0 {[%emt 0:12:41] Bc7 0:12:41 --- 0:12:41 h5 0:12:41 --- 0:12:41 Qh7+ 0:12:41 --- 0:12:41 Ng8 0:12:41} 1/2-1/2

[Event "1.FrauenBL 2016-17"]
[Site "Berlin"]
[Date "2017.04.29"]
[Round "9.6"]
[White "Mader, Manuela"]
[Black "Kachiani-Gersinska, Ketino"]
[Result "1-0"]
[WhiteElo "2219"]
[BlackElo "2366"]
[Annotator "NA"]
[PlyCount "87"]
[EventDate "2017.??.??"]
[EventType "team-tourn"]
[EventCountry "GER"]
[SourceTitle "playchess.com"]
[Source "ChessBase"]
[SourceQuality "1"]
[WhiteTeam "Karlsruher SF"]
[BlackTeam "OSG Baden-Baden"]
[TimeControl "40/6000+30:3000+30"]

1. e4 {[%emt 1:30:25]} c6 {[%emt 1:30:25]} 2. d4 {[%emt 1:30:50]} d5 {[%emt 1:29:20]} 3. Nc3 {[%emt 1:31:14]} dxe4 {[%emt 1:29:43]} 4. Nxe4 {[%emt 1:31:40]} Bf5 {[%emt 1:32:06]} 5. Ng3 {[%emt 1:32:06]} Bg6 {[%emt 1:30:26]} 6. h4 {[%emt 1:30:26]} h6 {[%emt 1:32:29]} 7. Nf3 {[%emt 1:32:42]} Nd7 {[%emt 1:32:42]} 8. h5 {[%emt 1:33:05]} Bh7 {[%emt 1:28:40]} 9. Bd3 {[%emt 1:33:30]} Bxd3 {[%emt 1:28:57]} 10. Qxd3 {[%emt 1:33:57]} e6 {[%emt 1:29:01]} 11. Bd2 {[%emt 1:34:13]} Ngf6 {[%emt 1:29:06]} 12. O-O-O {[%emt 1:34:28]} Qc7 {[%emt 1:34:28]} 13. Ne4 {[%emt 1:25:18]} Be7 {[%emt 1:25:18]} 14. Kb1 {[%emt 1:18:12]} Rd8 {[%emt 1:16:09]} 15. Nxf6+ {[%emt 1:02:07]} Nxf6 {[%emt 1:02:07]} 16. Ne5 $11 {[%emt 1:00:25] LiveBook: 8 Games} Qb6 {[%emt 0:28:37]} 17. Bc1 {[%emt 0:50:08]} c5 {[%emt 0:13:53]} 18. Qg3 {[%emt 0:39:31]} cxd4 {[%emt 0:10:46]} 19. Qxg7 {[%emt 0:39:01]} Rh7 {[%emt 0:11:13]} 20. Qg3 {[%emt 0:39:25]} Rd5 {[%emt 0:11:17]} 21. Rd3 {[%emt 0:22:34]} Qc7 {[%emt 0:09:38]} 22. f4 {[%emt 0:22:39]} Rc5 {[%emt 0:07:59]} 23. Rxd4 {[%emt 0:16:29]} Rxc2 {[%emt 0:08:20]} 24. Rhd1 {[%emt 0:08:54]} Rc5 {[%emt 0:08:54]} 25. Nd7 {[%emt 0:06:43]} Rh8 {[%emt 0:00:17]} 26. Qg7 {[%emt 0:03:17]} Nxd7 {[%emt 0:00:36]} 27. Rxd7 {[%emt 0:03:44]} Rxc1+ {[%emt 0:00:37]} 28. Rxc1 {[%emt 0:04:11]} Qxd7 {[%emt 0:01:03]} 29. Qxh8+ {[%emt 0:04:37]} Bf8 {[%emt 0:01:29]} 30. Qc3 {[%emt 0:03:16]} Bd6 {[%emt 0:00:34]} 31. Rd1 {[%emt 0:01:08]} Ke7 {[%emt 0:01:08]} 32. g3 {[%emt 0:00:24]} Qb5 {[%emt 0:00:39]} 33. Qd3 {[%emt 0:00:41]} Qc6 {[%emt 0:00:53]} 34. f5 {[%emt 0:00:41]} e5 {[%emt 0:00:41]} 35. g4 {[%emt 0:00:49]} a5 {[%emt 0:00:18]} 36. f6+ {[%emt 0:01:03]} Kd7 {[%emt 0:00:41]} 37. g5 {[%emt 0:01:28]} e4 {[%emt 0:00:49]} 38. Qh3+ {[%emt 0:01:38]} Kc7 {[%emt 0:00:48]} 39. Rc1 {[%emt 0:00:48]} Bc5 {[%emt 0:01:13]} 40. Qf5 {[%emt 0:01:09]} b6 {[%emt 0:01:30]} 41. Qe5+ {[%emt 0:20:38]} Kb7 {[%emt 0:31:31]} 42. g6 {[%emt 0:19:33]} e3 {[%emt 0:31:43]} 43. g7 {[%emt 0:18:54]} Qc8 {[%emt 0:26:20]} 44. Qd5+ {[%emt 0:18:31]} 1-0